BSOP header

Judaism and ecology / (Record no. 689)

MARC details
000 -LEADER
fixed length control field 00543nam a2200181 4500
008 - FIXED-LENGTH DATA ELEMENTS--GENERAL INFORMATION
fixed length control field 010125s1992 enka 0 engLO
020 ## - INTERNATIONAL STANDARD BOOK NUMBER
International Standard Book Number 0304323780
090 ## - LOCALLY ASSIGNED LC-TYPE CALL NUMBER (OCLC); LOCAL CALL NUMBER (OCLC)
Classification number (OCLC) (R) ; Classification number, CALL (RLIN) (NR) BM538.E2
Local cutter number (OCLC) ; Book number/undivided call number, CALL (RLIN) J88r
100 1# - MAIN ENTRY--PERSONAL NAME
Personal name Rose, Aubrey
245 10 - TITLE STATEMENT
Title Judaism and ecology /
Statement of responsibility, etc edited by Aubrey Rose
260 ## - PUBLICATION, DISTRIBUTION, ETC. (IMPRINT)
Place of publication, distribution, etc London :
Name of publisher, distributor, etc Cassell Publishers,
Date of publication, distribution, etc c1992.
300 ## - PHYSICAL DESCRIPTION
Extent xviii, 142 p. :
Other physical details ills.
440 #0 - SERIES STATEMENT/ADDED ENTRY--TITLE
Title World religions and ecology
504 ## - BIBLIOGRAPHY, ETC. NOTE
Bibliography, etc Biblio. : pp. 141-142.
650 #4 - SUBJECT ADDED ENTRY--TOPICAL TERM
Topical term or geographic name as entry element Ecology
General subdivision Religious aspects
-- Judaism
650 #4 - SUBJECT ADDED ENTRY--TOPICAL TERM
Topical term or geographic name as entry element Judaism and ecology
Holdings
Withdrawn status Lost status Damaged status Not for loan Home library Current library Shelving location Date acquired Accession number Shelving control number Total Checkouts Full call number Date last seen Price effective from Koha item type
        BSOP Library BSOP Library GC 12/21/2000 23120 127   BM538.E2/J88r 02/23/2013 02/23/2013 Books
BSOP

Biblical Seminary of the Philippines
  All rights Reserved
  © 2024

CONTACT INFORMATION

Biblical Seminary of the Philippines,
  77-B Karuhatan Road, Valenzuela City,
  PHILIPPINES 1441
  Phone: +632 8292-6795 / 8292-6798
  Fax : +632 8292-6675
  Email: library@bsop.edu.ph